Pathirakinnar(പാതിരാക്കിണർ) (Record no. 115501)
[ view plain ]
| 000 -LEADER | |
|---|---|
| fixed length control field | 00421 a2200157 4500 |
| 005 - DATE AND TIME OF LATEST TRANSACTION | |
| control field | 20260427153716.0 |
| 008 - FIXED-LENGTH DATA ELEMENTS--GENERAL INFORMATION | |
| fixed length control field | 260427b |||||||| |||| 00| 0 eng d |
| 020 ## - INTERNATIONAL STANDARD BOOK NUMBER | |
| International Standard Book Number | 9788119144068 |
| 080 ## - UNIVERSAL DECIMAL CLASSIFICATION NUMBER | |
| Universal Decimal Classification number | FM |
| Item number | RAG/PA |
| 100 ## - MAIN ENTRY--PERSONAL NAME | |
| Personal name | Raghunath,P |
| 245 ## - TITLE STATEMENT | |
| Title | Pathirakinnar(പാതിരാക്കിണർ) |
| 260 ## - PUBLICATION, DISTRIBUTION, ETC. (IMPRINT) | |
| Name of publisher, distributor, etc | SPCS |
| Place of publication, distribution, etc | Kottayam |
| Date of publication, distribution, etc | 2023 |
| 300 ## - PHYSICAL DESCRIPTION | |
| Extent | 176p. |
| 653 ## - INDEX TERM--UNCONTROLLED | |
| Uncontrolled term | Fiction-Novel-Malayalam Literature |
| 942 ## - ADDED ENTRY ELEMENTS (KOHA) | |
| item type | Books |
| Lost status | Source of classification or shelving scheme | Not for loan | Home library | Current library | Date acquired | Cost, normal purchase price | Total Checkouts | Full call number | Barcode | Date last seen | Cost, replacement price | Price effective from | Koha item type | Public note |
|---|---|---|---|---|---|---|---|---|---|---|---|---|---|---|
| Universal Decimal Classification | Not For Loan | University Library | University Library | 06/03/2026 | 173.34 | FM RAG/PA | 00097585 | 06/03/2026 | 260.00 | 06/03/2026 | Books | processing |
